000 00613nam a2200229Ia 4500
005 20260320201924.0
008 008 262003s9999 xx 000 0 eng d
037 _aEBOOK
040 _aCRL
040 _beng
040 _cCRL
041 _2eng
041 _aeng
084 _qCRL
100 _aFinska
_91136317
245 0 _aModern Game Testing: Learn how to test games like a pro, optimize testing effort, and skyrocket your QA career
260 _bIEEE
856 _uhttps://ieeexplore.ieee.org/servlet/opac?bknumber=10251307
942 _cEBOOK
999 _c1724301
_d1724301